000 00298nam a22001337a 4500
008 170912b xxu||||| |||| 00| 0 eng d
020 _a9780534997236
041 _aeng
080 _27TH
_a53
100 _a43
101 _aFIZ
245 _aSERWAY'S COLLEGE PHYSICS
_cFAUGHN,J.S
942 _2udc
_cBK
999 _c27288
_d27288